Las Vegas Strip Hotels - Statistics

General Stats
  • This quiz has been taken 57 times
  • The average score is 15 of 22
Answer Stats
Picture Answer % Correct
Paris
96%
Luxor
89%
Bellagio
87%
New York New York
87%
Circus Circus
84%
The Venetian
84%
Wynn
82%
Excalibur
80%
MGM Grand
78%
Caesars Palace
73%
Mandalay Bay
73%
Cosmopolitan
67%
The Mirage
67%
Treasure Island
67%
Aria
64%
Flamingo
62%
The Palazzo
60%
Harrah's
47%
Sahara
42%
Planet Hollywood
40%
Tropicana
36%
The Linq
29%
No matching quizzes found
Score Distribution
Percent of People with Each Score
Percentile by Number Answered
Your Score History
You have not taken this quiz